<?xml version="1.0" encoding="UTF-8"?>
<record
    xmlns:xsi="http://www.w3.org/2001/XMLSchema-instance"
    xsi:schemaLocation="http://www.loc.gov/MARC21/slim http://www.loc.gov/standards/marcxml/schema/MARC21slim.xsd"
    xmlns="http://www.loc.gov/MARC21/slim">

  <leader>00765nam a22002537a 4500</leader>
  <controlfield tag="005">20170123162317.0</controlfield>
  <datafield tag="010" ind1=" " ind2=" ">
    <subfield code="a">A-549924</subfield>
  </datafield>
  <datafield tag="020" ind1=" " ind2=" ">
    <subfield code="c">00.00</subfield>
  </datafield>
  <datafield tag="035" ind1=" " ind2=" ">
    <subfield code="a">A-549924</subfield>
  </datafield>
  <datafield tag="037" ind1=" " ind2=" ">
    <subfield code="b">Cen Lib/Ret</subfield>
  </datafield>
  <datafield tag="040" ind1=" " ind2=" ">
    <subfield code="a">DPL</subfield>
    <subfield code="b">UR</subfield>
  </datafield>
  <datafield tag="082" ind1=" " ind2=" ">
    <subfield code="a">&#x646;</subfield>
    <subfield code="b">&#x627; &#x645; &#x631;</subfield>
  </datafield>
  <datafield tag="100" ind1=" " ind2=" ">
    <subfield code="a">&#x627;&#x645;&#x631;&#x62A;&#x627; &#x67E;&#x631;&#x6CC;&#x62A;&#x645; </subfield>
    <subfield code="9">433</subfield>
  </datafield>
  <datafield tag="245" ind1=" " ind2=" ">
    <subfield code="a">&#x627;&#x6CC;&#x6A9; &#x62A;&#x6BE;&#x6CC; &#x627;&#x646;&#x6CC;&#x62A;&#x627; /</subfield>
    <subfield code="c">&#x627;&#x645;&#x631;&#x62A;&#x627; &#x67E;&#x631;&#x6CC;&#x62A;&#x645; </subfield>
  </datafield>
  <datafield tag="246" ind1=" " ind2=" ">
    <subfield code="a">Ek thi anita /</subfield>
    <subfield code="b">by Mrita Pritam </subfield>
  </datafield>
  <datafield tag="260" ind1=" " ind2=" ">
    <subfield code="a">&#x644;&#x627;&#x6C1;&#x648;&#x631; </subfield>
    <subfield code="b">&#x631;&#x648;&#x6C1;&#x62A;&#x627;&#x633; &#x628;&#x6A9;&#x633; </subfield>
    <subfield code="c">1992</subfield>
  </datafield>
  <datafield tag="270" ind1=" " ind2=" ">
    <subfield code="b">&#x644;&#x627;&#x6C1;&#x648;&#x631; </subfield>
    <subfield code="a">&#x627;&#x62D;&#x645;&#x62F; &#x686;&#x6CC;&#x645;&#x628;&#x631;-&#x665;&#x60C; &#x679;&#x6CC;&#x645;&#x67E;&#x644; &#x631;&#x648;&#x688; </subfield>
  </datafield>
  <datafield tag="300" ind1=" " ind2=" ">
    <subfield code="a">144p.</subfield>
    <subfield code="c">17cm(Hb</subfield>
  </datafield>
  <datafield tag="650" ind1=" " ind2=" ">
    <subfield code="a"> &#x627;&#x62F;&#x628; - &#x6C1;&#x646;&#x62F;&#x6CC;</subfield>
    <subfield code="9">115215</subfield>
  </datafield>
  <datafield tag="650" ind1=" " ind2=" ">
    <subfield code="a"> &#x6C1;&#x646;&#x62F;&#x6CC; &#x646;&#x627;&#x648;&#x644;</subfield>
    <subfield code="9">547</subfield>
  </datafield>
  <datafield tag="650" ind1=" " ind2=" ">
    <subfield code="a">Literature -- Hindi </subfield>
    <subfield code="9">83958</subfield>
  </datafield>
  <datafield tag="650" ind1=" " ind2=" ">
    <subfield code="a">Hindi novel </subfield>
    <subfield code="9">115216</subfield>
  </datafield>
  <datafield tag="942" ind1=" " ind2=" ">
    <subfield code="2">ddc</subfield>
    <subfield code="c">UR</subfield>
    <subfield code="h">&#x646;</subfield>
    <subfield code="m">&#x627; &#x645; &#x631;</subfield>
  </datafield>
  <datafield tag="999" ind1=" " ind2=" ">
    <subfield code="c">106800</subfield>
    <subfield code="d">106800</subfield>
  </datafield>
  <datafield tag="952" ind1=" " ind2=" ">
    <subfield code="0">0</subfield>
    <subfield code="1">0</subfield>
    <subfield code="4">0</subfield>
    <subfield code="7">0</subfield>
    <subfield code="a">L</subfield>
    <subfield code="b">L</subfield>
    <subfield code="d">2015-12-29</subfield>
    <subfield code="e">Cen Lib/Ret</subfield>
    <subfield code="g">0.00</subfield>
    <subfield code="l">0</subfield>
    <subfield code="o">&#x646; &#x627; &#x645; &#x631;</subfield>
    <subfield code="p">A-549924</subfield>
    <subfield code="r">2015-12-29 00:00:00</subfield>
    <subfield code="t">1</subfield>
    <subfield code="v">0.00</subfield>
    <subfield code="w">2015-12-29</subfield>
    <subfield code="y">UR</subfield>
  </datafield>
</record>
